000 00334 a2200145 4500
001 153517
040 _cEscola São Tomás de Aquino
100 _aAGUIAR, Luiz Antonio
240 1 0 _aTudo por causa dela!
_lpor
245 1 0 _aTudo por causa dela!
362 0 _a1997
440 1 _aFTD
697 _a*LITERATURA JUVENIL
942 _cBK
999 _c153517
_d153517